000 00744nam a2200241 a 4500
001 000014489
005 20200929163846.0
008 100111s1997 sp a 000 f spa d
020 _a8437615925
040 _aDO-SdBNP
_bspa
_cBNPHU
082 _a863.6
_bA996v
100 1 _aAzorín,
_d1873-1967
_95278
245 1 3 _aLa voluntad /
_cJosé Martínez Ruiz ; edición de María Martínez del Portal.
260 _aMadrid :
_bCátedra,
_c1997.
300 _a362, [5] p. :
_bil. ;
_c18 cm.
490 1 _aLetras hispánicas
_v438
650 4 _aNovela española
_91123
650 4 _aLiteratura española
_9632
700 1 _aMartínez del Portal, María,
_eed.
_932719
830 0 _aLetras hispánicas ;
_v438
_94208
910 _aWM
049 _aBNGR
999 _c14078
_d14078